LEADER 01222nam a2200289 i 4500 001 000000079851 003 CaOOAMICUS 005 20170516000000.0 008 170516s2017 it u000 u ita u 013 $a52089 020 $a978-88-372-3010-4 040 $aSeMil$bita 100 1 $aRochini, Marco.$0(OLS)http://semarc/name/91307 245 10$aGiovanni Battista Guadagnini :$bteologia, etica e politica nel giansenismo /$cMarco Rochini. 260 $aBrescia :$bMorcelliana,$c2017. 300 $a460 p. ;$c21 cm. 490 0 $aStoria ;$v79 500 $aCon dedica dell'autore. 650 4$aGiansenismo.$0(OLS)http://semarc/subject/2623 650 4$aGuadagnini, Giovanni Battista <1723-1807>.$0(OLS)http://semarc/subject/45271 830 0$aStoria ;$v79.$0(OLS)http://semarc/title/975 850 $aSeMil 852 $aSeMil$W1$xVenegono$y1$m3U III 508$j45476$B45476$CSeMilBibl$Z2$F47448 $81 961 $aOmaggio: Autore 996 $6020$a978-88-372-3010-4$9(OLS)http://semarc/number/270643 996 $6245$aGiovanni Battista Guadagnini :$bteologia, etica e politica nel giansenismo$9(OLS)http://semarc/title/403690 996 $6260$aBrescia :$bMorcelliana$9(OLS)http://semarc/publisher/29629 LEADER 01277nam a2200301 i 4500 001 000000121137 003 CaOOAMICUS 005 20110211000000.0 008 110211s1988 fr u000 u fre u 013 $a93831 020 $a2-204-02946-7 040 $aSeMil$bita 100 1 $aDuchesneau, Claude.$0(OLS)http://semarc/name/39538 245 10$aMusique et Liturgie :$bLe document Universa Laus /$cClaude Duchesneau, Michel Veuthey. 260 $aParis :$bLes Éditions du Cerf,$ccopyr. 1988. 300 $a192 p. ;$c20 cm. 490 0 $aRites et symboles ;$v17 500 $aContiene : Bibliographie. 650 4$aLiturgia - Musica - Studi.$0(OLS)http://semarc/subject/16285 650 4$aLiturgia - Pastorale.$0(OLS)http://semarc/subject/1999 700 1 $aVeuthey, Michel.$0(OLS)http://semarc/name/50360 830 0$aRites et symboles ;$v17.$0(OLS)http://semarc/title/6005 850 $aSeMil 852 $aSeMil$W1$xVenegono$y1$m3K III 467$j76240$B76240$CSeMilBibl$Z2$F77718 $81 961 $aAcquisto: SODIS 996 $6020$a2-204-02946-7$9(OLS)http://semarc/number/106484 996 $6245$aMusique et Liturgie :$bLe document Universa Laus$9(OLS)http://semarc/title/178306 996 $6260$aParis :$bLes Éditions du Cerf$9(OLS)http://semarc/publisher/29611